| Record ID | marc_loc_2016/BooksAll.2016.part05.utf8:79240472:728 |
| Source | Library of Congress |
| Download Link | /show-records/marc_loc_2016/BooksAll.2016.part05.utf8:79240472:728?format=raw |
LEADER: 00728cam a22002171 4500
001 59021301
003 DLC
005 20050809182159.0
008 730820s1958 xx 000 0 eng
010 $a 59021301
035 $a(OCoLC)680070
040 $aDLC$cOKentU$dTxDW$dDLC
041 1 $aengfre
042 $apremarc
050 00 $aPQ1898$b.A45
100 1 $aRacine, Jean,$d1639-1699
245 10 $aPhaedra.$cTranslated from the French of Racine by Agnes Tobin.
260 $aSan Francisco,$bPrinted at the Grabhorn press for John Howell,$c1958.
300 $a6 p. l., 3-80 p. 3 l.$c28.7 cm.
500 $aBound in blue paper boards; tan cloth shelfback with paper label attached. Dust jacket.
700 1 $aTobin, Agnes,$d1864-1939,$etr.